Statistics for Historical Figures by Letter - D

Click here to take the quiz!

General Stats

  • This quiz has been taken 129 times
  • The average score is 14 of 20

Answer Stats

HintFigure% Correct
Discovered evolutionCharles Darwin
100%
He defeated GoliathDavid
98%
"Mickey Mouse" creatorWalt Disney
98%
Mona Lisa painterLeonardo da Vinci
97%
Surrealist painter of melting clocksSalvador Dali
91%
Reincarnated leader who fled TibetDalai Lama
90%
"Oliver Twist" authorCharles Dickens
88%
French President, 1959-1969Charles de Gaulle
80%
Jewish-born British PMBenjamin Disraeli
72%
He thought, therefore he wasRené Descartes
71%
Created Sherlock HolmesArthur Conan Doyle
70%
First European to sail to IndiaVasco da Gama
69%
First English circumnavigatorFrancis Drake
66%
"Crime and Punishment" authorFyodor Dostoyevsky
61%
"Papa Doc"François Duvalier
56%
"Great" king who ruled Persian
Empire at its greatest extent
Darius
53%
Carthage's founder and first queenDido
41%
Led China towards a market
economy from 1978 to 1992
Deng Xiaoping
34%
"What to the slave is the
4th of July?"
Frederick
Douglass
23%
Founder of the Red CrossHenry Dunant
13%

Score Distribution

Percentile by Number Answered

Percent of People with Each Score

Your Score History

You have not taken this quiz